Normal view
MARC view
Entry Geographic Name
001 - CONTROL NUMBER
- control field: 51689
003 - CONTROL NUMBER IDENTIFIER
- control field: ARRUPE
005 - DATE AND TIME OF LATEST TRANSACTION
- control field: 20220519122250.0
008 - FIXED-LENGTH DATA ELEMENTS
- fixed length control field: 220519|| aca||aabn | a|a d
040 ## - CATALOGING SOURCE
- Original cataloging agency: ARRUPE
- Transcribing agency: ARRUPE
151 ## - HEADING--GEOGRAPHIC NAME
- Geographic name: Triomf (Johannesburg, South Africa)
- General subdivision: Intellectual life
670 ## - SOURCE DATA FOUND
- Source citation: Work cat.: (ARRUPE)131465: Modisane, Bloke, -1986. 51686, Blame me on history /, 1986.